| 000 -LEADER |
| fixed length control field |
00892nam a22001937a 4500 |
| 001 - CONTROL NUMBER |
| control field |
454 |
| 003 - CONTROL NUMBER IDENTIFIER |
| control field |
BD-DhUAP |
| 005 - DATE AND TIME OF LATEST TRANSACTION |
| control field |
20210119160736.0 |
| 008 - FIXED-LENGTH DATA ELEMENTS--GENERAL INFORMATION |
| fixed length control field |
200129s1989 bg ||||| |||| 00| 0 ben d |
| 040 ## - CATALOGING SOURCE |
| Original cataloging agency |
BD-DhUAP |
| Language of cataloging |
Ben |
| Transcribing agency |
BD-DhUAP |
| Modifying agency |
BD-DhUAP |
| 082 ## - DEWEY DECIMAL CLASSIFICATION NUMBER |
| Edition number |
23 |
| Classification number |
338.04 SHI |
| 245 ## - TITLE STATEMENT |
| Title |
শিল্পোদ্যোগ পরিচিতি / |
| Statement of responsibility, etc. |
এ. এইচ. এম. হাবিবুর রহমান ... [এবং অন্যান্য] কর্তৃক সম্পাদিত। |
| 260 ## - PUBLICATION, DISTRIBUTION, ETC. |
| Place of publication, distribution, etc. |
ঢাকা : |
| Name of publisher, distributor, etc. |
বিশ্ববিদ্যালয় মঞ্জুরী কমিশন, |
| Date of publication, distribution, etc. |
c১৯৮৯। |
| 300 ## - PHYSICAL DESCRIPTION |
| Extent |
১৮০ পৃষ্ঠা ; |
| Dimensions |
২৩ সেমি.। |
| 490 ## - SERIES STATEMENT |
| Series statement |
বিমক প্রকাশনা নং ৪০। |
| 650 ## - SUBJECT ADDED ENTRY--TOPICAL TERM |
| Topical term or geographic name entry element |
Entrepreneurship. |
| 700 ## - ADDED ENTRY--PERSONAL NAME |
| Personal name |
রহমান, এ. এইচ. এম. হাবিবুর। |
| 942 ## - ADDED ENTRY ELEMENTS (KOHA) |
| Source of classification or shelving scheme |
|
| Koha item type |
Book |